[Event "It"]
[Site "masterchessopen.com Gjovik (Norway)"]
[Round "0"]
[White "Hansen Curt (DEN)"]
[Black "Westerinen Heikki M J (FIN)"]
[Result "1-0"]
[WhiteElo "2500"]
[BlackElo "2390"]

1.Nf3 Nf6 2.d4 g6 3.c4 Bg7 4.g3 O-O 5.Bg2 c6 6.O-O d5 7.Nbd2 Ne4 8.Qb3 Qb6
9.e3 Bf5 10.Qxb6 axb6 11.cxd5 cxd5 12.Nh4 e6 13.Nxf5 gxf5 14.Nxe4 fxe4 15.Bd2
Nc6 16.Rfc1 Rfc8 17.Bf1 Bf8 18.Bb5 Bb4 19.Bxb4 Nxb4 20.Rxc8+ Rxc8 21.a3 Nd3
22.Bxd3 exd3 23.Rd1 Rc2 24.Rxd3 Rxb2 25.Rc3 b5 26.Rc7 b4 27.a4 b6 28.Rb7 Ra2
29.Rxb6 Rxa4 30.Kg2 h5 31.h3 Kg7 32.g4 hxg4 33.hxg4 Kf6 34.Kg3 Kg6 35.f4 Kg7
36.Kf3 Kf8 37.f5 exf5 38.gxf5 Ke7 39.Rb7+ Kd6 40.Rxf7 Kc6 41.Rf8 Kb7 42.f6 Ra6
43.f7 Rf6+ 44.Ke2 b3 45.Kd2 Rf2+ 46.Kc1 b2+ 47.Kb1 Ka7 48.Ka2 Kb7 49.Rd8 Rxf7
50.Rxd5 Kb6 51.Kxb2 {#r} 1-0

[Event "It (cat.11)"]
[Site "masterchessopen.com Sarajevo (Bosnia & Herzegovina)"]
[Round "0"]
[White "Kurajica Bojan (CRO)"]
[Black "Mihalcisin Adrian (SLO)"]
[Result "1-0"]
[WhiteElo "2505"]
[BlackElo "2505"]

1.d4 Nf6 2.Nf3 g6 3.g3 Bg7 4.Bg2 d5 5.O-O O-O 6.c4 c6 7.Nbd2 Bf5 8.e3 Nbd7
9.Qe2 Qa5 10.a3 Qa6 11.Re1 c5 12.Nh4 Bg4 13.Qf1 cxd4 14.exd4 Be6 15.c5 Qa4
16.Qd3 b6 17.b3 Qc6 18.b4 bxc5 19.dxc5 Ne4 20.Rb1 f5 21.Nhf3 Bf7 22.Nd4 Qf6
23.N2b3 e5 24.Nb5 f4 25.Rb2 Ng5 26.h4 e4 27.hxg5 Qxb2 28.Bxb2 exd3 29.Bxg7
Kxg7 30.Re7 Rae8 31.Rxd7 Re1+ 32.Kh2 Kg8 33.N5d4 fxg3+ 34.Kxg3 Rfe8 35.c6 R8e5
36.c7 Rxg5+ 37.Kf4 Rxg2 38.c8=Q+ Kg7 39.Nf5+ gxf5 40.Qc3+ Kg6 41.Qxe1 {#r} 1-0

[Event "It (cat.9)"]
[Site "masterchessopen.com Tallinn (Estonia)"]
[Round "0"]
[White "Drasko Milan (MNE)"]
[Black "Pribyl Josef (CZE)"]
[Result "1-0"]
[WhiteElo "2485"]
[BlackElo "2405"]

1.Nf3 Nf6 2.c4 g6 3.d4 Bg7 4.g3 O-O 5.Bg2 c6 6.O-O d5 7.Nbd2 Bf5 8.b3 Qa5
9.Nh4 Qc3 10.Ba3 Ne4 11.Nxf5 gxf5 12.Nxe4 fxe4 13.Bxe7 Re8 14.Bg5 dxc4 15.Rc1
Qa5 16.Bd2 Qxa2 17.Rxc4 Nd7 18.Ra4 Qb2 19.Bc1 Qb1 20.Ra5 h6 21.d5 b6 22.dxc6
Ne5 23.Ra4 Nxc6 24.Qd5 Ne7 25.Qb5 a6 26.Rxa6 Qc2 27.Be3 Rad8 28.Bxb6 Rb8
29.Qc4 Qxc4 30.bxc4 Nf5 31.e3 Rbc8 32.c5 Bf8 33.Rc1 Rc6 34.Ra4 Rec8 35.Bxe4
Rxb6 36.Bxf5 Rxc5 37.Rg4+ Kh8 38.Rxc5 Bxc5 39.Bd3 Rb4 40.Bc4 f5 41.Rg8+ Kh7
42.Be6 Rb5 43.Rd8 Bb4 44.Bc4 Re5 45.Bd3 Kg7 46.Rd4 Bc5 47.Rf4 Kg6 48.g4 Kg5
49.Rxf5+ Rxf5 50.Bxf5 h5 51.h4+ Kxh4 52.Kg2 Bd6 53.Kf3 {#r} 1-0

[Event "It (open)"]
[Site "masterchessopen.com Holon (Israel)"]
[Round "0"]
[White "Birnboim Nathan (ISR)"]
[Black "Gutkin Boris (ISR)"]
[Result "1-0"]
[WhiteElo "2445"]
[BlackElo "2277"]

1.d4 Nf6 2.c4 g6 3.Nf3 Bg7 4.g3 O-O 5.Bg2 c6 6.O-O d5 7.Nbd2 Ne4 8.b3 c5 9.Bb2
Nxd2 10.Qxd2 dxc4 11.bxc4 cxd4 12.Nxd4 e5 13.Nb3 Qxd2 14.Nxd2 Nc6 15.Ne4 Rd8
16.c5 Be6 17.Nd6 Rab8 18.Bc3 Nd4 19.Bxd4 exd4 20.Nxb7 Rdc8 21.c6 Bf8 22.Rad1
Bc4 23.Rxd4 Bxe2 24.Rb1 a6 25.a4 a5 26.Re1 Ba6 27.Rd7 Bc4 28.c7 Ra8 29.Nd6
{#r} 1-0

[Event "Ch Hungary (team)"]
[Site "masterchessopen.com Hungary"]
[Round "0"]
[White "Bilek Istvan (HUN)"]
[Black "Sinkovics Peter (HUN)"]
[Result "1-0"]
[WhiteElo "2375"]
[BlackElo "2317"]

1.Nf3 Nf6 2.g3 g6 3.Bg2 Bg7 4.O-O O-O 5.d4 d5 6.c4 c6 7.Nbd2 Ne4 8.Qb3 Qb6
9.Qa3 Re8 10.e3 Nd7 11.Nxe4 dxe4 12.Ng5 e5 13.c5 Qd8 14.Nxe4 exd4 15.exd4 Bxd4
16.Be3 Bg7 17.Rad1 Qe7 18.Nd6 Rf8 19.Rfe1 Ne5 20.Bd4 Bg4 21.Rc1 Qg5 22.h3 Bc8
23.Qc3 {#r} 1-0

[Event "It (open)"]
[Site "masterchessopen.com West Berlin (Germany)"]
[Round "0"]
[White "Birnboim Nathan (ISR)"]
[Black "Sinkovics Peter (HUN)"]
[Result "1-0"]
[WhiteElo "2445"]
[BlackElo "2317"]

1.d4 Nf6 2.c4 g6 3.g3 Bg7 4.Bg2 O-O 5.Nf3 c6 6.O-O d5 7.Nbd2 a5 8.b3 a4 9.Ba3
Re8 10.e3 Ne4 11.Nxe4 dxe4 12.Nd2 f5 13.Qc2 e5 14.d5 cxd5 15.cxd5 Qxd5 16.Nc4
Qc6 17.Qb2 Be6 18.Rfc1 Rd8 19.Be7 Rd5 20.bxa4 b5 21.Nd6 Qb6 22.axb5 Rxd6
23.Bxd6 Qxd6 24.a4 Nd7 25.a5 Nc5 26.Qb4 Bf8 27.b6 Qd5 28.Rd1 Na6 29.Qb2 Qb7
30.Bf1 Bf7 31.Qb5 Be8 32.Bc4+ Kh8 33.Qxe5+ Bg7 34.Qe6 Bc6 35.Bxa6 Qxa6 36.Qxc6
Bxa1 37.Rxa1 Kg7 38.Qc7+ Kh6 39.b7 {#r} 1-0

[Event "?"]
[Site "masterchessopen.com Kecskemet (Hungary)"]
[Round "0"]
[White "Kiss Attila (HUN)"]
[Black "Krason Jozef (POL)"]
[Result "1-0"]
[WhiteElo "2358"]
[BlackElo "2298"]

1.d4 Nf6 2.c4 g6 3.g3 Bg7 4.Bg2 c6 5.Nf3 O-O 6.O-O d5 7.Nbd2 Ne4 8.e3 Nxd2
9.Nxd2 e6 10.Qc2 b6 11.Rd1 Bb7 12.b3 Nd7 13.Ba3 Re8 14.Rac1 Rc8 15.Qb1 f5
16.Nf3 Bf8 17.Qb2 Qf6 18.Rc2 a6 19.Rdc1 Bxa3 20.Qxa3 Qf8 21.Qxf8+ Kxf8 22.Ng5
h6 23.Nxe6+ {#r} 1-0

[Event "?"]
[Site "masterchessopen.com Malaga (Spain)"]
[Round "0"]
[White "Todorcevic Miodrag (ESP)"]
[Black "Rodriguez Amador (ESP)"]
[Result "0-1"]
[WhiteElo "2420"]
[BlackElo "2495"]

1.Nf3 g6 2.g3 Bg7 3.d4 Nf6 4.Bg2 O-O 5.O-O d5 6.c4 c6 7.Nbd2 Bf5 8.b3 Ne4
9.Bb2 Nd7 10.Rc1 Qa5 11.a3 Rfc8 12.b4 Qd8 13.Qb3 Nb6 14.c5 Nd7 15.Nxe4 Bxe4
16.Bh3 Bxf3 17.Qxf3 e6 18.Qb3 b6 19.Bc3 a5 20.Rfe1 Rcb8 21.Qc2 axb4 22.axb4
bxc5 23.bxc5 Qc7 24.e3 Ra3 25.Ra1 Rxa1 26.Rxa1 h5 27.Bf1 e5 28.Ra6 exd4
29.exd4 Qb7 30.Qc1 Ra8 31.Rxa8+ Qxa8 32.Bh3 Qb7 33.Qe1 Nf8 34.Qe3 Bf6 35.Qf4
Qe7 36.Qe3 Ne6 37.Bf1 Qb7 38.h4 Qb1 39.Qd2 Qb3 40.Qe3 Qd1 41.Bb4 Bxd4 42.Qa3
Qc2 43.Be1 Bxc5 44.Qa8+ Kg7 45.Qa6 Bd4 46.Bh3 Qd1 47.Qa5 Nc5 48.Qb4 Bxf2+ {#R}
0-1

[Event "It (open)"]
[Site "masterchessopen.com Wuerzburg (Germany)"]
[Round "0"]
[White "Seidel Michael (GER)"]
[Black "Vogt Lothar (GER)"]
[Result "0-1"]
[WhiteElo "2052"]
[BlackElo "2460"]

1.d4 Nf6 2.g3 d5 3.Bg2 g6 4.c4 c6 5.Nd2 Bg7 6.Ngf3 O-O 7.O-O Nbd7 8.b3 b5
9.Re1 Ba6 10.Qc2 bxc4 11.bxc4 Rc8 12.Qa4 Bxc4 13.Nxc4 dxc4 14.Ba3 c5 15.Rad1
Nb6 16.Qa6 Qc7 17.dxc5 Nbd7 18.Qxc4 Nxc5 19.Nd4 Nce4 20.Qa6 Rcd8 21.Nc6 Rxd1
22.Rxd1 Re8 23.Rd3 h5 24.Re3 Nxf2 25.Rxe7 Rxe7 26.Nxe7+ Kh7 27.Kxf2 Ng4+
28.Kg1 Qe5 29.Nd5 Qa1+ 30.Bf1 Qd4+ {#R} 0-1

[Event "It (open)"]
[Site "masterchessopen.com Andorra"]
[Round "0"]
[White "Miles Anthony J (ENG)"]
[Black "Pytel Bozena (FRA)"]
[Result "1-0"]
[WhiteElo "2500"]
[BlackElo "1919"]

1.Nf3 Nf6 2.g3 g6 3.Bg2 Bg7 4.d4 d5 5.c4 c6 6.Nbd2 O-O 7.O-O Nbd7 8.b3 b6
9.Bb2 Bb7 10.Rc1 Rc8 11.Qc2 e6 12.e4 c5 13.exd5 exd5 14.Ne5 cxd4 15.Bxd4 Nxe5
16.Bxe5 Ba8 17.Qb2 Re8 18.Rfd1 Qe7 19.Bc3 dxc4 20.Bxa8 Rxa8 21.Nxc4 Nh5
22.Bxg7 Nxg7 23.Ne3 Qe5 24.Qxe5 Rxe5 25.Rd7 Ne8 26.Ng4 Rh5 27.Re1 Kf8 28.Ree7
Nd6 29.Nf6 Rf5 30.Nxh7+ Kg8 31.Rxd6 Kxh7 32.Rdd7 Kg7 33.Rxa7 Rc8 34.Rac7 Rd8
35.Red7 Re8 36.Rd2 b5 37.Rb7 Ra8 38.Kg2 g5 39.Rbd7 Kg6 40.h3 b4 41.Rb7 Rfa5
42.Rxb4 Rxa2 43.Rxa2 Rxa2 44.h4 f6 45.hxg5 fxg5 46.Kf3 {#r} 1-0

[Event "It (open)"]
[Site "masterchessopen.com Hallein (Austria)"]
[Round "1"]
[White "Neckar Lubomir (CZE)"]
[Black "Sommerbauer Adolf (AUT)"]
[Result "1-0"]
[WhiteElo "2367"]
[BlackElo "1845"]

1.Nf3 Nf6 2.c4 g6 3.g3 Bg7 4.Bg2 O-O 5.O-O c6 6.d4 d5 7.Nbd2 Bf5 8.b3 Qc8
9.Ba3 Re8 10.Rc1 Bh3 11.cxd5 Bxg2 12.Kxg2 Nxd5 13.e4 Nc7 14.Qe2 Qd7 15.Rfd1
Nb5 16.Bb2 Na6 17.Nc4 Nd6 18.Nce5 Qd8 19.Nxc6 bxc6 20.Qxa6 Nxe4 21.Qxc6 Nd6
22.Qc7 Nb5 23.Qxd8 Rexd8 24.Ne5 Rd5 25.Nc6 Rd7 26.a4 Nd6 27.Ba3 e6 28.d5 e5
29.Bc5 f5 30.b4 Kf7 31.b5 Ne4 32.Bxa7 Rdxa7 33.Nxa7 Rxa7 34.b6 Rb7 35.a5 Nd6
36.Rc6 Ke7 37.a6 Rb8 38.a7 Ra8 39.Rxd6 {#r} 1-0

[Event "It (cat.15)"]
[Site "masterchessopen.com Linares (Spain)"]
[Round "0"]
[White "Portisch Lajos (HUN)"]
[Black "Chiburdanidze Maia (GEO)"]
[Result "0-1"]
[WhiteElo "2630"]
[BlackElo "2535"]

1.d4 Nf6 2.c4 g6 3.Nf3 Bg7 4.g3 O-O 5.Bg2 c6 6.O-O d5 7.Nbd2 Ne4 8.Qb3 Nxd2
9.Bxd2 dxc4 10.Qxc4 Bg4 11.Qb4 Qd7 12.Ne5 Bxe5 13.dxe5 Na6 14.Qc3 Bxe2 15.Bh6
Qd3 16.Bxf8 Bxf1 17.Bxe7 Qxc3 18.bxc3 Bxg2 19.Kxg2 Re8 20.Bd6 Rd8 21.a4 Rd7
22.Rb1 f6 23.f4 Kf7 24.Kf3 Ke6 25.Ke4 b6 26.a5 b5 27.g4 fxe5 28.fxe5 Rf7
29.Ke3 g5 30.h4 gxh4 31.Rh1 Kd5 32.Rxh4 Nc7 33.Rh6 Ne6 34.a6 c5 35.Bb8 Rg7
36.Rh1 Kc4 37.Ke4 Rf7 38.Rb1 Rf8 39.Bd6 Rf4+ 40.Ke3 Rxg4 41.Rh1 Rg7 42.Rh6 Kd5
43.Kd3 Nf4+ 44.Kc2 Rg2+ 45.Kb3 Nd3 46.Rh1 c4+ 47.Ka3 Rc2 48.Bb4 Nc1 49.Rd1+
Kxe5 50.Bc5 Nd3 51.Bd4+ Kd5 52.Rh1 b4+ 53.Ka4 b3 54.Bxa7 Ra2+ 55.Kb5 b2 {#R}
0-1

[Event "Bundesliga 1988/89 (2nd)"]
[Site "masterchessopen.com Germany"]
[Round "0"]
[White "Brueckner Thomas (GER)"]
[Black "Schulze Ulrich (GER)"]
[Result "0-1"]
[WhiteElo "2375"]
[BlackElo "2323"]

1.Nf3 Nf6 2.c4 g6 3.g3 Bg7 4.Bg2 O-O 5.O-O c6 6.d4 d5 7.Nbd2 a5 8.Ne5 Qb6
9.cxd5 cxd5 10.Nb3 Na6 11.Nd3 Bf5 12.Bg5 Rfd8 13.e3 a4 14.Nbc5 Nxc5 15.Nxc5
Qxb2 16.Nxa4 Qa3 17.Nb6 Ra5 18.Bxf6 Bxf6 19.e4 dxe4 20.Nc4 Qa4 21.Nxa5 Qxa5
22.Qe2 Bxd4 23.Rad1 e5 24.Bxe4 Bxe4 25.Qxe4 Qxa2 26.Kh1 b5 27.Qb7 Qc4 28.Rc1
Bc3 29.Kg2 b4 30.Rfd1 Rxd1 31.Rxd1 Kg7 32.Rd7 h5 33.Rc7 Qe6 34.Re7 Qf6 35.Rc7
Qf5 36.Qf3 Qe6 37.Rb7 e4 38.Qe3 Qd5 39.Re7 Kf8 40.Qxe4 Qxe4+ 41.Rxe4 b3 42.Rc4
b2 43.Rc8+ Ke7 44.Rb8 Kd6 45.Rb5 Kc6 46.Rb3 Kd5 47.Rxc3 b1=Q 48.h4 Qe4+ 49.Kf1
Kd4 50.Ra3 Qc2 51.Rf3 Qc1+ 52.Ke2 Ke4 53.Re3+ Kf5 54.Rf3+ Kg4 55.Rd3 Qc4 {#R}
0-1

[Event "Regionalliga NordS"]
[Site "masterchessopen.com Germany"]
[Round "0"]
[White "Streich Gerhard (GER)"]
[Black "Wichmann Daniel (GER)"]
[Result "1-0"]
[WhiteElo "2167"]
[BlackElo "2190"]

1.Nf3 Nf6 2.g3 g6 3.Bg2 Bg7 4.d4 O-O 5.O-O d5 6.c4 c6 7.Nbd2 Bf5 8.Qb3 Qb6
9.Qxb6 axb6 10.cxd5 cxd5 11.Ne1 Nc6 12.e3 Rfc8 13.f3 Bh6 14.f4 Bf8 15.h3 Nb4
16.a3 Nc2 17.Nxc2 Rxc2 18.g4 Be4 19.Nxe4 Nxe4 20.Bxe4 dxe4 21.Rb1 Rac8 22.b4
Re2 23.Rb2 Rcc2 24.Rxc2 Rxc2 25.g5 f6 26.h4 Kf7 27.Rd1 h6 28.Bd2 hxg5 29.hxg5
fxg5 30.fxg5 Ra2 31.Kg2 e6 32.Kh3 Be7 33.Kg4 Rxa3 34.Kf4 Rb3 35.Kxe4 Bxg5
36.Rf1+ Kg7 37.Rc1 Bf6 38.Rc7+ Kh6 39.Rf7 Bg7 40.Re7 g5 41.Rxe6+ Kh5 42.Rxb6
g4 43.Rb5+ Kh4 44.Rxb7 Bh6 45.Rh7 Kh5 46.Rf7 Bg5 47.Rf1 Rb2 48.Rh1+ Kg6 49.Rd1
g3 50.Kf3 g2 51.Bc1 Rc2 52.Rg1 Bf6 53.b5 Bh4 54.b6 Kf5 55.e4+ {#r} 1-0

[Event "It (open)"]
[Site "masterchessopen.com Nuernberg (Germany)"]
[Round "0"]
[White "Weidel Albrecht (GER)"]
[Black "Kramer Marco (GER)"]
[Result "1-0"]
[WhiteElo "2139"]
[BlackElo "2230"]

1.Nf3 Nf6 2.g3 g6 3.Bg2 Bg7 4.O-O O-O 5.c4 c6 6.d4 d5 7.Nbd2 Nbd7 8.b3 b5 9.c5
a5 10.Bb2 Qc7 11.Qc2 a4 12.b4 Re8 13.e4 dxe4 14.Nxe4 Nd5 15.a3 Bb7 16.Rfe1
N7f6 17.Ne5 Nxe4 18.Qxe4 f5 19.Qd3 Bxe5 20.Rxe5 e6 21.Rae1 Qd7 22.Bc1 Rab8
23.R5e2 Kf7 24.h4 Kg8 25.Bf3 Qf7 26.Kg2 Ra8 27.Rh1 Bc8 28.h5 Bd7 29.hxg6 hxg6
30.Bxd5 exd5 31.Bf4 Rxe2 32.Qxe2 Re8 33.Be5 Qg7 34.Qe3 Rxe5 35.Qxe5 Qxe5
36.dxe5 Be6 37.Kf3 Kf7 38.Kf4 Kg7 39.Kg5 Bg8 40.Rh4 Bf7 41.Rh6 d4 42.Rh4 d3
43.Rd4 {#r} 1-0

[Event "It"]
[Site "masterchessopen.com Tapolca (Hungary)"]
[Round "0"]
[White "Nemeth Zoltan (HUN)"]
[Black "Dragojlovic Andjelko (SRB)"]
[Result "1-0"]
[WhiteElo "2328"]
[BlackElo "2381"]

1.Nf3 Nf6 2.g3 g6 3.c4 Bg7 4.Bg2 O-O 5.O-O c6 6.d4 d5 7.Nbd2 Bf5 8.Nh4 Be6
9.b3 Qd7 10.Ba3 Re8 11.Nhf3 Bh3 12.Ne5 Qe6 13.cxd5 Nxd5 14.Bxh3 Qxh3 15.Ndf3
h6 16.e4 Nf6 17.Qd3 Nbd7 18.Qc4 Nxe5 19.Nxe5 e6 20.f3 Rad8 21.Rad1 Nd7 22.Bd6
Qh5 23.Qc3 Nxe5 24.Bxe5 Bxe5 25.dxe5 Qg5 26.Rd6 h5 27.Rfd1 h4 28.Kg2 Kg7 29.f4
h3+ 30.Kf3 Qe7 31.Qd4 Rb8 32.Rd2 c5 33.Qxc5 Rbc8 34.Qxa7 Rc3+ 35.Kg4 Qf8
36.Kxh3 Qh8+ 37.Kg2 Qh5 38.Qf2 Rh8 39.h4 Qg4 40.R6d3 Rxd3 41.Rxd3 Rxh4 42.Qf3
Qh3+ 43.Kf2 Rh8 44.Rd1 b5 45.Rc1 b4 46.Qg2 Qh7 47.Ke3 Qg8 48.Rc7 Qb8 49.Rc1
Qb6+ 50.Kf3 Rd8 51.Qe2 Rd7 52.Rh1 Kf8 53.Rh8+ Ke7 54.Qh2 g5 55.Kg4 Rd3 56.Kxg5
Qe3 57.g4 Qxe4 58.Qh6 Kd7 59.Qf6 Kc7 60.Qe7+ {#r} 1-0

[Event "It (open)"]
[Site "masterchessopen.com Biel (Switzerland)"]
[Round "9"]
[White "Adorjan Andras (HUN)"]
[Black "Schoen Wolfram (GER)"]
[Result "1-0"]
[WhiteElo "2520"]
[BlackElo "2403"]

1.d4 Nf6 2.Nf3 g6 3.c4 Bg7 4.g3 O-O 5.Bg2 d5 6.O-O c6 7.Nbd2 Na6 8.b3 Ne4
9.Bb2 f5 10.e3 Be6 11.Qe2 h6 12.Rac1 Qe8 13.Ne1 Nxd2 14.Qxd2 Rd8 15.Nd3 dxc4
16.bxc4 g5 17.f4 g4 18.Qa5 Bc8 19.Qa3 e6 20.Bc3 Rf7 21.Rfe1 h5 22.Ne5 Bf8
23.Qb2 Rh7 24.e4 h4 25.exf5 Qh5 26.f6 hxg3 27.hxg3 Nc5 28.Qe2 Na4 29.Ba1 Bb4
30.Red1 Kh8 31.Kf2 Ba3 32.Rh1 {#r} 1-0

[Event "Ch Czechoslovakia (team) 1990/91"]
[Site "masterchessopen.com Czechoslovakia"]
[Round "2"]
[White "Fajman Petr (CZE)"]
[Black "Chura Jan (CZE)"]
[Result "1-0"]
[WhiteElo "2269"]
[BlackElo "2222"]

1.d4 d5 2.c4 c6 3.Nf3 Nf6 4.g3 g6 5.Bg2 Bg7 6.O-O O-O 7.Nbd2 Ne4 8.Ne5 Nxd2
9.Bxd2 dxc4 10.Bc3 Be6 11.e4 Bxe5 12.dxe5 Na6 13.Qe2 Qd3 14.Qe1 Rfe8 15.f4 Nc5
16.a3 b5 17.g4 {#r} 1-0

[Event "It (open)"]
[Site "masterchessopen.com Helsinki (Finland)"]
[Round "0"]
[White "Syvalahti Heikki (FIN)"]
[Black "Salo Heikki (FIN)"]
[Result "0-1"]
[WhiteElo "1841"]
[BlackElo "2229"]

1.Nf3 Nf6 2.g3 g6 3.Bg2 Bg7 4.d4 O-O 5.O-O c6 6.Nbd2 d5 7.c4 Bf5 8.Nh4 Be6
9.cxd5 Nxd5 10.Ne4 Na6 11.Ng5 Bc8 12.e4 Nb6 13.e5 f6 14.exf6 exf6 15.Qb3+ Nd5
16.Ne4 Rf7 17.Nc3 Nac7 18.Re1 Kh8 19.Nxd5 Nxd5 20.Bd2 g5 21.Nf3 Qb6 22.Re8+
Rf8 23.Rxf8+ Bxf8 24.Qc2 Be6 25.Re1 Bf7 26.Bc3 Bg6 27.Qd2 Qa6 28.Bh3 Qd3
29.Qxd3 Bxd3 30.Be6 Kg7 31.Bd2 Rd8 32.h4 h6 33.hxg5 hxg5 34.Ba5 b6 35.Bd2 Rd6
36.Bc8 Bg6 37.Bb7 Bh5 38.Nh2 Bf7 39.a3 Kg6 40.f4 gxf4 41.gxf4 Bh6 42.Rf1 Be8
43.Ng4 Bg7 44.Bc8 Ne7 45.Ba6 Rxd4 46.Bc3 Rd8 47.Ne3 Nf5 48.Rf3 b5 49.a4 Bf8
50.Nxf5 Kxf5 51.Kh2 Bd6 52.Kg3 Bh5 53.Rf1 Rg8+ 54.Kf2 Bc5+ 55.Ke1 Rg2 56.Bc8+
Ke4 57.Rh1 Bf3 58.Rh6 Rg1+ 59.Kd2 Be3+ 60.Kc2 Bd1+ 61.Kb1 Bb3+ {#R} 0-1

[Event "It (open)"]
[Site "masterchessopen.com Metz (France)"]
[Round "6"]
[White "Spassov Liuben (BUL)"]
[Black "Eberlein Wolfgang (GER)"]
[Result "1-0"]
[WhiteElo "2367"]
[BlackElo "2222"]

1.Nf3 d5 2.g3 c6 3.Bg2 Nf6 4.c4 g6 5.d4 Bg7 6.O-O O-O 7.Nbd2 Ne4 8.b3 Nc3
9.Qe1 c5 10.e3 dxc4 11.Nxc4 Nb5 12.Bb2 cxd4 13.Nxd4 Nxd4 14.exd4 Nc6 15.Rd1 a5
16.d5 Nb8 17.Bxg7 Kxg7 18.d6 Be6 19.Bd5 Nc6 20.Qc3+ Kg8 21.Bxe6 fxe6 22.Qe3
Rf6 23.Nb6 Ra6 24.dxe7 Qxe7 25.Rd7 Qe8 26.Rfd1 Rf7 27.Rxf7 Qxf7 28.Rd7 Qf5
29.Nc4 e5 30.Rxb7 Nd4 31.Rb8+ Kg7 32.Qxe5+ Qxe5 33.Nxe5 a4 34.Rb7+ Kg8 35.Rb4
Nxb3 36.Nd3 Nd2 37.Nc5 Rc6 38.Nxa4 Rc2 39.Rb2 Rc1+ 40.Kg2 Nc4 41.Rb3 Ra1
42.Rc3 Ne5 43.a3 Kf7 44.Nc5 Ke7 45.Re3 Kd6 46.Ne4+ Ke6 47.Ng5+ Kf5 48.Nxh7 Ra2
49.h3 Nc4 50.Rf3+ Ke5 51.Nf8 g5 52.Nh7 g4 53.hxg4 Rxa3 54.Rxa3 Nxa3 55.f4+ Ke6
{#r} 1-0

[Event "It (a)"]
[Site "masterchessopen.com Moscow (Russia)"]
[Round "0"]
[White "Priehoda Vitezslav (CZE)"]
[Black "Yuferov Sergey N (RUS)"]
[Result "1-0"]
[WhiteElo "2415"]
[BlackElo "2412"]

1.d4 Nf6 2.c4 g6 3.Nf3 Bg7 4.g3 O-O 5.Bg2 c6 6.O-O d5 7.Nbd2 Bf5 8.b3 Qa5 9.a4
Ne4 10.Bb2 Na6 11.Rc1 Rad8 12.cxd5 cxd5 13.Ba3 Rfe8 14.e3 b5 15.Nxe4 dxe4
16.Nh4 Bd7 17.Bxe4 bxa4 18.b4 Qb6 19.f4 Bb5 20.Rf2 e5 21.fxe5 Rxe5 22.Qf3 Re7
23.Bd5 Rf8 24.Ng2 Rc7 25.Rfc2 Rxc2 26.Rxc2 Qd6 27.Nf4 Nc7 28.Rc5 a6 29.Bb2 Kh8
30.e4 Nxd5 31.Nxd5 Bc6 32.Qc3 Bxd5 33.Rxd5 Qe6 34.Qf3 Kg8 35.e5 Qc6 36.Qg2 Qc4
37.Rd7 Bh6 38.h4 Qxb4 39.Rc7 Qe1+ 40.Kh2 Be3 41.d5 Bh6 42.d6 Bg7 43.Re7 Qb4
44.Ba1 a3 45.Qa2 a5 46.Qd5 Qe1 47.Qh1 Qb4 48.Rb7 Qd2+ 49.Qg2 Qe1 50.Bd4 a2
51.Qxa2 Bxe5 52.Bf2 Qe4 53.Re7 Qxh4+ 54.Kg2 Qf6 55.Qd5 Bxd6 56.Rd7 Rd8 57.Bd4
Rxd7 58.Bxf6 {#r} 1-0

[Event "Olympiad"]
[Site "masterchessopen.com Novi Sad (Yugoslavia)"]
[Round "0"]
[White "Ginting Nasib (INA)"]
[Black "Boshku Harallamb (ALB)"]
[Result "1-0"]
[WhiteElo "2385"]
[BlackElo "2309"]

1.d4 Nf6 2.c4 g6 3.g3 Bg7 4.Bg2 O-O 5.Nf3 c6 6.O-O d5 7.Nbd2 Ne4 8.cxd5 cxd5
9.Ne5 Nxd2 10.Bxd2 f6 11.Nd3 Nc6 12.e3 e5 13.dxe5 fxe5 14.Qb3 e4 15.Bxe4 Ne7
16.Bb4 Kh8 17.Bxe7 Qxe7 18.Bxd5 Bf5 19.Nf4 Qe5 20.e4 Bxe4 21.Bxe4 Qxe4 22.Rae1
Qf5 23.Re7 Rae8 24.Qxb7 Rxe7 25.Qxe7 Qf7 26.Qxf7 Rxf7 27.b3 Rd7 28.Rc1 Bf6
29.Ne6 Kg8 30.Nc5 Rc7 31.Kf1 Bb2 32.Rc4 Re7 33.b4 Rc7 34.Re4 Ba3 35.Na6 Rc1+
36.Re1 Rc2 37.Re8+ Kf7 38.Ra8 h5 39.Rxa7+ Kf6 40.h4 Rb2 41.Kg2 Rc2 42.Nc7 Bb2
43.Nd5+ Ke5 44.Ne3 Rc1 45.Ra6 Bd4 46.Rxg6 Bxe3 47.fxe3 Ke4 48.Rg5 Rc2+ 49.Kh3
{#r} 1-0

[Event "Olympiad"]
[Site "masterchessopen.com Novi Sad (Yugoslavia)"]
[Round "0"]
[White "Ribli Zoltan (HUN)"]
[Black "Timman Jan H (NED)"]
[Result "1-0"]
[WhiteElo "2605"]
[BlackElo "2660"]

1.d4 Nf6 2.Nf3 g6 3.g3 d5 4.Bg2 Bg7 5.O-O c6 6.Nbd2 O-O 7.c4 Bf5 8.b3 Ne4
9.Bb2 Qa5 10.a3 Nd7 11.b4 Qd8 12.Qb3 Nb6 13.c5 Nd7 14.a4 Re8 15.Rfd1 e5
16.dxe5 Nxd2 17.Nxd2 Bxe5 18.Bxe5 Rxe5 19.e3 Qf6 20.Qc3 Re7 21.Qxf6 Nxf6 22.b5
Rc8 23.Rdc1 Nd7 24.Nb3 Ne5 25.Nd4 Be4 26.Rc3 Bxg2 27.Kxg2 Nc4 28.bxc6 bxc6
29.Rb3 Na5 30.Rb2 Rb7 31.Rab1 Rxb2 32.Rxb2 Kg7 33.Rb4 Rc7 34.Kf3 h5 35.Ke2 Kf6
36.h3 Ke7 37.Kd3 Kd7 38.Rb8 Rb7 39.Rf8 Ke7 40.Ra8 Kd7 41.Kc3 Rc7 42.f3 Nb7
43.Nb3 Nd8 44.a5 Ne6 45.f4 Ke7 46.a6 Kf6 47.g4 hxg4 48.hxg4 d4+ 49.exd4 Nxf4
50.Na5 Kg5 51.Nb7 Nd5+ 52.Kb3 Kxg4 53.Rxa7 Rd7 54.Ra8 Nc7 55.Rd8 Rxd8 56.Nxd8
Nxa6 57.Nxc6 g5 58.Kc4 Kf5 59.d5 g4 60.d6 Ke6 61.Kb5 Kd5 62.Ne7+ Ke4 63.Kxa6
g3 {#r} 1-0

[Event "Ch Brazil"]
[Site "masterchessopen.com Porto Alegre (Brazil)"]
[Round "4"]
[White "Toth Christian Endre (BRA)"]
[Black "Teixeira Ricardo Da Silva (BRA)"]
[Result "1-0"]
[WhiteElo "2371"]
[BlackElo "2266"]

1.Nf3 Nf6 2.g3 g6 3.Bg2 Bg7 4.O-O O-O 5.c4 c6 6.d4 d5 7.Nbd2 b6 8.b3 Bb7 9.Bb2
Nbd7 10.Qc2 Rc8 11.e4 dxe4 12.Nxe4 Qc7 13.Nxf6+ Bxf6 14.Rfe1 Rfe8 15.Re2 e6
16.Rd1 Rcd8 17.h4 Bg7 18.h5 Nf6 19.hxg6 hxg6 20.Ne5 Nd7 21.Ng4 f5 22.Ne3 Nf6
23.Nf1 Kf7 24.Nd2 c5 25.Nf3 Ne4 26.Rxe4 fxe4 27.Ng5+ Kg8 28.Bxe4 cxd4 29.Bxg6
d3 30.Rxd3 Rxd3 31.Qxd3 Bxb2 32.Bxe8 Bg7 33.Qh7+ {#r} 1-0

[Event "Ch Uruguay"]
[Site "masterchessopen.com Uruguay"]
[Round "0"]
[White "Bauza Alejandro (URU)"]
[Black "Elters Antoine (URU)"]
[Result "1-0"]
[WhiteElo "2205"]
[BlackElo "2240"]

1.Nf3 d5 2.g3 g6 3.Bg2 Bg7 4.d4 Nf6 5.O-O O-O 6.Nbd2 c6 7.c4 dxc4 8.Nxc4 Be6
9.Qd3 h6 10.Bf4 Nbd7 11.Rac1 Nb6 12.Na5 Bf5 13.Qa3 Bc8 14.Rfd1 g5 15.Bd2 g4
16.Ne5 Qxd4 17.Nexc6 bxc6 18.Nxc6 Qd7 19.Be3 Nbd5 20.Bxd5 Nxd5 21.Rxd5 Qb7
22.Nxe7+ Kh8 23.Bd4 Be6 24.Qe3 Kh7 25.Qe4+ {#r} 1-0

[Event "It (open)"]
[Site "masterchessopen.com Aviles (Spain)"]
[Round "9"]
[White "Guerra Bastida Diego (ESP)"]
[Black "Cacho Reigadas Sergio (ESP)"]
[Result "0-1"]
[WhiteElo "2407"]
[BlackElo "2524"]

1.Nf3 Nf6 2.d4 g6 3.g3 Bg7 4.Bg2 O-O 5.O-O d5 6.c4 c6 7.Nbd2 Nbd7 8.b3 e5
9.Nxe5 Nxe5 10.dxe5 Ng4 11.cxd5 cxd5 12.Nf3 Nxe5 13.Nxe5 Bxe5 14.Bh6 Re8
15.Rc1 d4 16.Qd2 Qb6 17.Rc4 a5 18.Rfc1 Be6 19.Rc5 Bh8 20.Rc7 Rab8 21.Qf4 Qb5
22.Bh3 Qxe2 23.Re7 Qe5 24.Rxe6 fxe6 25.Qg4 Qf5 26.Qh4 Bf6 27.Bxf5 Bxh4 28.Be4
Bf6 29.Rc7 Re7 30.Rc2 Kf7 31.Bd2 b6 32.Rc6 Be5 33.f4 Bc7 34.Kf2 Rd8 35.Ke2 Rd6
36.Rc1 Bd8 37.Kd3 Rc7 38.Rh1 Bf6 39.h4 h5 40.Rg1 Rd8 41.g4 Rh8 42.g5 Bg7
43.Ke2 Rd8 44.Bd3 Bf8 45.a4 Bb4 46.Bxb4 axb4 47.Bc4 Rc5 48.Kd3 Rf5 49.Rf1 Ke7
50.Re1 Rd6 51.Re4 Rf8 52.Bb5 Rc8 53.Bc4 Rc5 54.Re1 Rf5 55.Re4 e5 56.fxe5 Rd8
57.Ke2 Rdf8 58.Kd3 Rf3+ 59.Kd2 R8f4 60.Re1 Rxh4 61.Bd5 Rh2+ 62.Kd1 Rf4 63.Bb7
Rg4 {#R} 0-1

[Event "It"]
[Site "masterchessopen.com Bellinge (Denmark)"]
[Round "1"]
[White "Jelling Erik (DEN)"]
[Black "Ledger Andrew (ENG)"]
[Result "1-0"]
[WhiteElo "2380"]
[BlackElo "2345"]

1.d4 Nf6 2.c4 g6 3.Nf3 Bg7 4.g3 c6 5.Bg2 d5 6.Nbd2 O-O 7.O-O Bf5 8.b3 Ne4
9.Bb2 a5 10.Nh4 Nxd2 11.Qxd2 Be6 12.Rac1 a4 13.e3 Qb6 14.c5 Qc7 15.b4 Bf6
16.Nf3 Nd7 17.Qe2 Bf5 18.Nd2 Bg7 19.b5 Rfe8 20.g4 Be6 21.f4 f6 22.b6 Qb8 23.h4
Bf7 24.Qf2 Rf8 25.Bh3 Qe8 26.g5 Bh8 27.Qg3 h6 28.f5 hxg5 29.hxg5 fxg5 30.fxg6
Bxg6 31.Be6+ Bf7 32.Qxg5+ Bg7 33.Rxf7 Rxf7 34.Rf1 Nf6 35.e4 dxe4 36.Qg6 e3
37.Nf3 Kh8 38.Bxf7 Qd7 39.Kg2 Qg4+ 40.Qxg4 Nxg4 41.Rh1+ Nh6 42.Bc1 Rf8 43.Bxe3
{#r} 1-0